000 00587cam a22002174a 4500
005 20250605164259.0
008 250528s ||||||||||||||||||||||||d
035 _a21993
020 _a9781412904018
040 _aGR-AtMCL
_bgre
_dGR-AtMCL
_eAACR2
245 1 _aMAKING SENSE OF MULTIVARIATE DATA ANALYSIS
250 _a1
260 _bSage Publications,
_c2005
300 _a231
505 0 _aTECHNIQUES ANALYSIS LOGISTIC PROGRESSION
520 _aTECHNIQUES ANALYSIS LOGISTIC PROGRESSION
700 1 _aSpicer John
_97870
942 _cBK
999 _c7049
_d7049